[Event "Budapest Karacsonyi op 10th"]
[Site "Budapest"]
[Date "2018.12.28"]
[Round "3"]
[White "Varga, Boldizsar"]
[Black "Krizsany, Laszlo Sr"]
[Result "1-0"]
[WhiteElo "1647"]
[BlackElo "1827"]
[PlyCount "57"]
[EventDate "2018.12.27"]
[EventType "swiss"]
[EventRounds "7"]
[EventCountry "HUN"]
[SourceTitle "CBM 188 Extra"]
[Source "ChessBase"]
[SourceDate "2019.02.26"]
[SourceVersion "1"]
[SourceVersionDate "2019.02.26"]
[SourceQuality "1"]

1. d4 d5 2. c4 c6 3. cxd5 cxd5 4. Nc3 Nf6 5. Nf3 Nc6 6. Bf4 e6 7. e3 Bd6 8. Bxd6 Qxd6 9. Bd3 a6 10. Rc1 Bd7 11. 0-0 b5 12. Ne2 0-0 13. Nf4 e5 14. dxe5 Nxe5 15. Nd4 Nxd3 16. Qxd3 Rac8 17. Rxc8 Rxc8 18. Rd1 g5 19. Nfe2 Ng4 20. Ng3 Ne5 21. Qb1 Be6 22. Ndf5 Qd7 23. e4 Rd8 24. Nh5 Qb7 25. Nf6+ Kh8 26. exd5 Bxf5 27. Qxf5 Ng6 28. d6 h6 29. Nh5 1-0

[Event "Budapest-chT1 Lilienthal 1718"]
[Site "Budapest"]
[Date "2017.11.19"]
[Round "4"]
[White "Gardo, Jozsef"]
[Black "Krizsany, Laszlo Sr"]
[Result "1/2-1/2"]
[WhiteElo "1845"]
[BlackElo "1884"]
[PlyCount "27"]
[EventDate "2017.10.01"]
[EventType "team-tourn"]
[EventRounds "13"]
[EventCountry "HUN"]
[SourceTitle "EXT 2021"]
[Source "ChessBase"]
[SourceDate "2020.10.23"]
[SourceVersion "1"]
[SourceVersionDate "2020.10.23"]
[SourceQuality "1"]
[WhiteTeam "Fabulon"]
[BlackTeam "Aquarena III"]
[WhiteTeamCountry "HUN"]
[BlackTeamCountry "HUN"]

1. e4 c6 2. d4 d5 3. e5 Bf5 4. Nf3 e6 5. Be2 c5 6. 0-0 Nc6 7. c3 Qb6 8. dxc5 Bxc5 9. b4 Be7 10. Be3 Qc7 11. Nbd2 f6 12. Nd4 fxe5 13. Nxf5 exf5 14. f4 1/2-1/2

[Event "HUN-chT2 Breyer 1516"]
[Site "Hungary"]
[Date "2015.11.08"]
[Round "4.10"]
[White "Szucs, Janos"]
[Black "Krizsany, Laszlo Sr"]
[Result "1-0"]
[WhiteElo "1659"]
[BlackElo "1882"]
[PlyCount "65"]
[EventDate "2015.09.13"]
[EventType "team-tourn"]
[EventRounds "11"]
[EventCountry "HUN"]
[SourceTitle "CBM 170 Extra"]
[Source "ChessBase"]
[SourceDate "2016.02.25"]
[SourceVersion "1"]
[SourceVersionDate "2016.02.25"]
[SourceQuality "1"]
[WhiteTeam "Nyergesujfalu"]
[BlackTeam "Kobanya Aquarena"]
[WhiteTeamCountry "HUN"]
[BlackTeamCountry "HUN"]

1. e4 e6 2. d4 d5 3. exd5 exd5 4. Nf3 Nf6 5. Nc3 c6 6. h3 Bf5 7. Bd3 Bg6 8. 0-0 Be7 9. Bf4 0-0 10. Re1 Bd6 11. Bg5 Nbd7 12. Qd2 Qc7 13. Re2 Bxd3 14. Qxd3 h6 15. Bxf6 Nxf6 16. Rae1 Bb4 17. a3 Bd6 18. Ne5 b5 19. Qf5 b4 20. axb4 Bxb4 21. Re3 Qd6 22. Rd1 Bxc3 23. Rxc3 Rac8 24. Ra1 Rc7 25. Ra6 g6 26. Qf4 Ra8 27. Qxh6 Ne4 28. Rca3 Qb4 29. Qe3 Qe7 30. Qf4 Nd6 31. h4 Kg7 32. Ng4 Qxh4 33. Rh3 1-0

[Event "Budapest-chT1 Lilienthal 1314"]
[Site "Budapest"]
[Date "2014.03.09"]
[Round "9"]
[White "Krizsany, Laszlo Sr"]
[Black "Bognar, Bence"]
[Result "0-1"]
[WhiteElo "1868"]
[BlackElo "1994"]
[PlyCount "72"]
[EventDate "2013.09.29"]
[EventType "team-tourn"]
[EventRounds "11"]
[EventCountry "HUN"]
[SourceTitle "EXT 2021"]
[Source "ChessBase"]
[SourceDate "2020.10.23"]
[SourceVersion "1"]
[SourceVersionDate "2020.10.23"]
[SourceQuality "1"]
[WhiteTeam "REAC SISE"]
[BlackTeam "SENSE"]
[WhiteTeamCountry "HUN"]
[BlackTeamCountry "HUN"]

1. d4 Nf6 2. c4 c5 3. e3 g6 4. Nc3 Bg7 5. d5 d6 6. e4 a6 7. a4 0-0 8. Be2 e6 9. Bg5 Qa5 10. Bd2 Qb6 11. Qc2 exd5 12. cxd5 a5 13. h3 Na6 14. Bxa6 Qxa6 15. Nge2 Re8 16. 0-0 Bd7 17. Rfe1 Re7 18. Ng3 Rae8 19. Ra3 h6 20. f3 Nh7 21. Qc1 h5 22. Kh1 Bf6 23. Nge2 Bh4 24. g3 Bf6 25. h4 Bg7 26. Nf4 Nf6 27. Kh2 Rb8 28. Ng2 b5 29. axb5 Bxb5 30. Nxb5 Rxb5 31. Bc3 Reb7 32. Qd2 Nd7 33. Bxg7 Kxg7 34. Qc3+ f6 35. Rea1 Rxb2 36. R1a2 Qe2 0-1

[Event "Budapest FS02 FM-B"]
[Site "Budapest"]
[Date "2013.02.05"]
[Round "4"]
[White "Marcu, Simon"]
[Black "Krizsany, Laszlo Sr"]
[Result "1-0"]
[WhiteElo "1885"]
[BlackElo "1854"]
[PlyCount "83"]
[EventDate "2013.02.02"]
[EventType "tourn"]
[EventRounds "10"]
[EventCountry "HUN"]
[SourceTitle "CBM 152 Extra"]
[Source "ChessBase"]
[SourceDate "2013.02.25"]
[SourceVersion "1"]
[SourceVersionDate "2013.02.25"]
[SourceQuality "1"]

1. d4 Nf6 2. c4 e6 3. a3 c5 4. d5 exd5 5. cxd5 d6 6. Nc3 Bf5 7. f3 Be7 8. e4 Bg6 9. Bc4 0-0 10. Nge2 Nfd7 11. 0-0 Na6 12. f4 Nc7 13. Ng3 f6 14. a4 a5 15. Re1 Nb6 16. b3 Nxc4 17. bxc4 Na6 18. f5 Be8 19. Qg4 Nb4 20. Qe2 Kh8 21. Qd1 g5 22. fxg6 hxg6 23. Nce2 Kg7 24. Nf4 Bf7 25. Ra3 Rg8 26. Rf1 Kf8 27. Bb2 Ke8 28. Raf3 Rf8 29. Qa1 Kd7 30. Nh3 Nc2 31. Qd1 Nd4 32. Bxd4 cxd4 33. Qxd4 Bg8 34. Nf4 Bf7 35. Rb1 Qc7 36. Ne6 Bxe6 37. dxe6+ Ke8 38. Rb5 Rb8 39. Ne2 f5 40. exf5 Bf6 41. Qd5 Be5 42. fxg6 1-0

[Event "Budapest FS02 FM-B"]
[Site "Budapest"]
[Date "2013.02.02"]
[Round "1"]
[White "Brassoi Tarnovszki, Aurel"]
[Black "Krizsany, Laszlo Sr"]
[Result "0-1"]
[WhiteElo "1634"]
[BlackElo "1854"]
[PlyCount "94"]
[EventDate "2013.02.02"]
[EventType "tourn"]
[EventRounds "10"]
[EventCountry "HUN"]
[SourceTitle "CBM 152 Extra"]
[Source "ChessBase"]
[SourceDate "2013.02.25"]
[SourceVersion "1"]
[SourceVersionDate "2013.02.25"]
[SourceQuality "1"]

1. e4 c6 2. d4 d5 3. e5 Bf5 4. Bd3 Bxd3 5. Qxd3 e6 6. f4 g6 7. Nf3 a6 8. 0-0 c5 9. c3 Nc6 10. Be3 c4 11. Qc2 b5 12. Nbd2 Qd7 13. h3 h5 14. Ng5 Nh6 15. Rf2 a5 16. Nf1 Be7 17. Nh2 Nf5 18. Re1 h4 19. Ng4 Kf8 20. Bc1 Kg7 21. Ne3 Nxe3 22. Bxe3 Bd8 23. Nf3 Ne7 24. Nh2 Nf5 25. Rf3 Be7 26. Bc1 b4 27. Nf1 a4 28. Ne3 Ng3 29. Nf1 b3 30. axb3 cxb3 31. Qd3 Nf5 32. Ne3 Qb7 33. Nxf5+ gxf5 34. Re2 a3 35. bxa3 Bxa3 36. Bxa3 Rxa3 37. Rb2 Ra2 38. Rff2 Rha8 39. c4 Ra1+ 40. Rf1 Qb4 41. cxd5 Rxf1+ 42. Kxf1 Ra1+ 43. Rb1 b2 44. Ke2 Rxb1 45. Qxb1 Qxd4 46. Kf1 Qxf4+ 47. Kg1 Qc1+ 0-1

[Event "Budapest Karacsonyi op 4th"]
[Site "Budapest"]
[Date "2012.12.30"]
[Round "6"]
[White "Papp, Laszlo2222"]
[Black "Krizsany, Laszlo Sr"]
[Result "0-1"]
[WhiteElo "1815"]
[BlackElo "1863"]
[PlyCount "87"]
[EventDate "2012.12.27"]
[EventType "swiss"]
[EventRounds "7"]
[EventCountry "HUN"]
[SourceTitle "EXT 2014"]
[Source "ChessBase"]
[SourceDate "2013.11.20"]
[SourceVersion "1"]
[SourceVersionDate "2013.11.20"]
[SourceQuality "1"]

1. d4 d5 2. c4 c6 3. Nc3 Nf6 4. cxd5 cxd5 5. Nf3 Nc6 6. Bf4 Bf5 7. e3 e6 8. Bb5 Be7 9. Ne5 Qb6 10. Qe2 0-0 11. Bxc6 bxc6 12. 0-0 Rfc8 13. g4 Bg6 14. Nxg6 hxg6 15. h4 c5 16. h5 gxh5 17. g5 cxd4 18. gxf6 Bxf6 19. Na4 Qb4 20. Qa6 dxe3 21. fxe3 e5 22. a3 Qe4 23. Nc3 Rxc3 24. bxc3 exf4 25. Rae1 f3 26. Rf2 Be5 27. Qf1 Qg4+ 28. Kh1 Qh4+ 29. Kg1 Bg3 30. Rd1 Bxf2+ 31. Qxf2 Qg4+ 32. Kh2 Qf5 33. Rf1 Rc8 34. Qxf3 Qxf3 35. Rxf3 Rxc3 36. Rf5 Rxe3 37. Rxd5 Rxa3 38. Rxh5 a5 39. Kg2 g6 40. Rc5 Kg7 41. Rc7 g5 42. Rb7 Kg6 43. Rb5 f5 44. Rb8 0-1

[Event "Budapest-chT1 Lilienthal 1112"]
[Site "Budapest"]
[Date "2012.04.29"]
[Round "11"]
[White "Halak, Miklos"]
[Black "Krizsany, Laszlo Sr"]
[Result "1-0"]
[WhiteElo "2037"]
[BlackElo "1938"]
[PlyCount "59"]
[EventDate "2011.10.02"]
[EventType "team-tourn"]
[EventRounds "11"]
[EventCountry "HUN"]
[SourceTitle "EXT 2020"]
[Source "ChessBase"]
[SourceDate "2019.10.17"]
[SourceVersion "1"]
[SourceVersionDate "2019.10.17"]
[SourceQuality "1"]
[WhiteTeam "Fabulon"]
[BlackTeam "REAC SISE"]
[WhiteTeamCountry "HUN"]
[BlackTeamCountry "HUN"]

1. e4 c6 2. d4 d5 3. Nc3 dxe4 4. Nxe4 Bf5 5. Ng3 e6 6. Nxf5 Qa5+ 7. c3 Qxf5 8. Bd3 Qd5 9. Nf3 Nf6 10. 0-0 Be7 11. Re1 0-0 12. Qe2 Nbd7 13. Bf4 Nb6 14. a4 a5 15. Ne5 Rfe8 16. Rad1 Qd8 17. Bc2 Nbd5 18. Bc1 Qc7 19. Rd3 Bf8 20. Rh3 g6 21. Qf3 Bg7 22. Bg5 b5 23. Bd3 Reb8 24. axb5 cxb5 25. Bxb5 Rxb5 26. c4 Rxb2 27. Bxf6 Nxf6 28. Qxa8+ Bf8 29. Rf3 Kg7 30. Rxf6 1-0

[Event "Budapest-chT1 Lilienthal 1112"]
[Site "Budapest"]
[Date "2011.11.20"]
[Round "3"]
[White "Krizsany, Laszlo Sr"]
[Black "Vass, Lajos"]
[Result "1-0"]
[WhiteElo "1938"]
[BlackElo "2124"]
[PlyCount "75"]
[EventDate "2011.10.02"]
[EventType "team-tourn"]
[EventRounds "11"]
[EventCountry "HUN"]
[SourceTitle "EXT 2020"]
[Source "ChessBase"]
[SourceDate "2019.10.17"]
[SourceVersion "1"]
[SourceVersionDate "2019.10.17"]
[SourceQuality "1"]
[WhiteTeam "REAC SISE"]
[BlackTeam "Budapest EAC III"]
[WhiteTeamCountry "HUN"]
[BlackTeamCountry "HUN"]

1. d4 Nf6 2. c4 g6 3. Nc3 d5 4. Bf4 Bg7 5. e3 0-0 6. Nf3 c5 7. Be2 cxd4 8. Nxd4 a6 9. 0-0 Ne4 10. Nxe4 dxe4 11. Bxb8 Rxb8 12. Qc2 e5 13. Nb3 f5 14. g3 Qe7 15. Rad1 Be6 16. Rd2 Rfd8 17. Rfd1 Rxd2 18. Nxd2 Rc8 19. b3 b5 20. Rc1 Qb4 21. Qb2 Rd8 22. Rc2 f4 23. a3 Qe7 24. cxb5 fxe3 25. fxe3 axb5 26. Bxb5 Qg5 27. Nf1 Rd1 28. Rc3 h5 29. Be2 Rd7 30. b4 Rf7 31. Bc4 Qf5 32. Qe2 Bxc4 33. Rxc4 h4 34. gxh4 Ra7 35. Rc3 Bf8 36. Ng3 Qh3 37. Qc4+ Rf7 38. Qxe4 1-0

[Event "Budapest FS02 FM-B"]
[Site "Budapest"]
[Date "2011.02.07"]
[Round "3"]
[White "Krizsany, Laszlo Sr"]
[Black "Gruz, Janos"]
[Result "1/2-1/2"]
[WhiteElo "1950"]
[BlackElo "1911"]
[PlyCount "34"]
[EventDate "2011.02.05"]
[EventType "tourn"]
[EventRounds "11"]
[EventCountry "HUN"]
[SourceTitle "CBM 140 Extra"]
[Source "ChessBase"]
[SourceDate "2011.03.01"]
[SourceVersion "1"]
[SourceVersionDate "2011.03.01"]
[SourceQuality "1"]

1. d4 d5 2. Nf3 e6 3. c4 c6 4. Nc3 f5 5. Bf4 Bd6 6. Bxd6 Qxd6 7. e3 Nf6 8. Be2 0-0 9. 0-0 Bd7 10. cxd5 exd5 11. Ne5 Be8 12. f4 Nbd7 13. a3 Ne4 14. Nxe4 fxe4 15. Bg4 Nf6 16. Bh3 Bd7 17. Nxd7 Nxd7 1/2-1/2

[Event "Budapest FS11 FM-A"]
[Site "Budapest"]
[Date "2010.11.17"]
[Round "11"]
[White "Henrichsen, Jens"]
[Black "Krizsany, Laszlo Sr"]
[Result "1/2-1/2"]
[WhiteElo "1949"]
[BlackElo "1961"]
[PlyCount "52"]
[EventDate "2010.11.06"]
[EventType "tourn"]
[EventRounds "11"]
[EventCountry "HUN"]
[SourceTitle "EXT 2011"]
[Source "ChessBase"]
[SourceDate "2010.11.26"]
[SourceVersion "1"]
[SourceVersionDate "2010.11.26"]
[SourceQuality "1"]

1. d4 Nf6 2. Nf3 e6 3. c4 b6 4. g3 Ba6 5. b3 Bb4+ 6. Bd2 Be7 7. Bg2 c6 8. 0-0 d5 9. Bc3 0-0 10. Nbd2 Nbd7 11. Re1 Rc8 12. e4 dxe4 13. Nxe4 Nxe4 14. Rxe4 Nf6 15. Re1 Qc7 16. Ne5 Bb7 17. Qe2 Rfe8 18. Rad1 Nd7 19. Rd3 Bf6 20. Ng4 Rcd8 21. Red1 Be7 22. Qb2 h5 23. Ne3 Bf6 24. Qe2 g6 25. Qf3 Bg7 26. g4 hxg4 1/2-1/2

[Event "Budapest FS11 FM-A"]
[Site "Budapest"]
[Date "2010.11.15"]
[Round "9"]
[White "Tran, Minh Thang1111"]
[Black "Krizsany, Laszlo Sr"]
[Result "1/2-1/2"]
[WhiteElo "2068"]
[BlackElo "1961"]
[PlyCount "89"]
[EventDate "2010.11.06"]
[EventType "tourn"]
[EventRounds "11"]
[EventCountry "HUN"]
[SourceTitle "EXT 2011"]
[Source "ChessBase"]
[SourceDate "2010.11.26"]
[SourceVersion "1"]
[SourceVersionDate "2010.11.26"]
[SourceQuality "1"]

1. d4 Nf6 2. Bf4 e6 3. e3 d5 4. Nd2 Bd6 5. Bxd6 Qxd6 6. f4 c5 7. c3 Nc6 8. Bd3 cxd4 9. cxd4 g6 10. Ngf3 Nd7 11. 0-0 f5 12. Ne5 Nf6 13. Rc1 Ne4 14. Bb5 Bd7 15. Nxe4 fxe4 16. Qa4 Rc8 17. Rc5 a6 18. Bxc6 Bxc6 19. Nxc6 Rxc6 20. Rfc1 Kd7 21. Rxc6 bxc6 22. Qxa6 Rc8 23. Rc5 Qb8 24. Qa3 g5 25. fxg5 Rc7 26. Ra5 Qb6 27. Ra8 c5 28. Qa4+ Qc6 29. Qxc6+ Kxc6 30. Ra6+ Kb5 31. Rxe6 cxd4 32. exd4 Kc4 33. h4 Kxd4 34. h5 Kd3 35. g6 e3 36. g4 hxg6 37. hxg6 Rc4 38. Kg2 Rxg4+ 39. Kf3 Re4 40. g7 e2 41. g8Q e1Q 42. Qg6 Qe3+ 43. Kg2 Qd2+ 44. Kg3 Qf4+ 45. Kg2 1/2-1/2

[Event "Budapest FS11 FM-A"]
[Site "Budapest"]
[Date "2010.11.14"]
[Round "8"]
[White "Krizsany, Laszlo Sr"]
[Black "Schenkerik, Csaba"]
[Result "1/2-1/2"]
[WhiteElo "1961"]
[BlackElo "2127"]
[PlyCount "30"]
[EventDate "2010.11.06"]
[EventType "tourn"]
[EventRounds "11"]
[EventCountry "HUN"]
[SourceTitle "EXT 2011"]
[Source "ChessBase"]
[SourceDate "2010.11.26"]
[SourceVersion "1"]
[SourceVersionDate "2010.11.26"]
[SourceQuality "1"]

1. c4 Nf6 2. Nc3 e6 3. Nf3 b6 4. g3 d5 5. Bg2 Bb7 6. d4 Be7 7. 0-0 0-0 8. b3 c5 9. dxc5 Bxc5 10. cxd5 Nxd5 11. Na4 Nd7 12. Bb2 Qe7 13. Nxc5 Nxc5 14. Qd4 f6 15. Ba3 Rfd8 1/2-1/2

[Event "Budapest FS11 FM-A"]
[Site "Budapest"]
[Date "2010.11.08"]
[Round "3"]
[White "Flaata, Alexander R"]
[Black "Krizsany, Laszlo Sr"]
[Result "1-0"]
[WhiteElo "2078"]
[BlackElo "1961"]
[PlyCount "103"]
[EventDate "2010.11.06"]
[EventType "tourn"]
[EventRounds "11"]
[EventCountry "HUN"]
[SourceTitle "EXT 2011"]
[Source "ChessBase"]
[SourceDate "2010.11.26"]
[SourceVersion "1"]
[SourceVersionDate "2010.11.26"]
[SourceQuality "1"]

1. e4 c6 2. d4 d5 3. exd5 cxd5 4. c4 e6 5. Nf3 Bb4+ 6. Nc3 Ne7 7. Bd3 Bd7 8. 0-0 dxc4 9. Bxc4 0-0 10. Bg5 Qc7 11. Qd3 h6 12. Bd2 Bc6 13. Ne5 Bd6 14. Rfe1 Bxe5 15. Rxe5 Nd7 16. Ree1 Rad8 17. b4 Rfe8 18. b5 Bd5 19. Nxd5 Nxd5 20. Rac1 Qd6 21. Bb3 Nf8 22. g3 Rc8 23. Qf3 Rxc1 24. Rxc1 Qd7 25. Rc5 b6 26. Bxd5 exd5 27. Rxd5 Qc7 28. Qc3 Qe7 29. Re5 Qd7 30. Rxe8 Qxe8 31. Qc6 Qe2 32. Bb4 Qd1+ 33. Kg2 Qxd4 34. Bxf8 Kxf8 35. Qc8+ Ke7 36. Qb7+ Ke6 37. Qc6+ Qd6 38. Qe4+ Qe5 39. Qg4+ Kd6 40. a4 Qd5+ 41. Kf1 Kc5 42. Qxg7 Qd1+ 43. Kg2 Qxa4 44. Qxf7 Qe4+ 45. Qf3 Qd4 46. Qf5+ Kb4 47. f4 Qg7 48. Qd5 Qb2+ 49. Kh3 Qf6 50. f5 h5 51. Qe6 Qd4 52. f6 1-0

[Event "HUN-chT2 Erkel 1011"]
[Site "Hungary"]
[Date "2010.10.10"]
[Round "3.11"]
[White "Marta, Dominik"]
[Black "Krizsany, Laszlo Sr"]
[Result "0-1"]
[WhiteElo "1737"]
[BlackElo "1966"]
[PlyCount "120"]
[EventDate "2010.09.12"]
[EventType "team-tourn"]
[EventRounds "11"]
[EventCountry "HUN"]
[SourceTitle "EXT 2012"]
[Source "ChessBase"]
[SourceDate "2011.11.24"]
[SourceVersion "1"]
[SourceVersionDate "2011.11.24"]
[SourceQuality "1"]
[WhiteTeam "Toth Laszlo"]
[BlackTeam "Budapest MTK"]
[WhiteTeamCountry "HUN"]
[BlackTeamCountry "HUN"]

1. d4 Nf6 2. c4 e6 3. Nc3 b6 4. e4 Bb4 5. f3 0-0 6. Bg5 d6 7. Bd3 Nbd7 8. Nge2 e5 9. a3 exd4 10. Nxd4 Bxc3+ 11. bxc3 Ne5 12. 0-0 Be6 13. Qe2 h6 14. Bh4 g5 15. Bg3 Nxd3 16. Qxd3 Nh5 17. Nxe6 fxe6 18. e5 Qe8 19. exd6 Nxg3 20. d7 Ne2+ 21. Qxe2 Qxd7 22. Rad1 Qf7 23. Rfe1 Rae8 24. Qe4 Qf5 25. Qc6 Re7 26. Rd5 Qf6 27. Rde5 Rfe8 28. a4 Kf7 29. c5 Qf4 30. Qe4 Qxe4 31. R1xe4 Rd8 32. f4 Rd5 33. Rxd5 exd5 34. Rd4 c6 35. cxb6 axb6 36. fxg5 hxg5 37. Rb4 Re1+ 38. Kf2 Rc1 39. Rxb6 Rxc3 40. a5 Ke6 41. Rb4 Ra3 42. Rb6 Kd6 43. a6 d4 44. g3 Kd5 45. h4 gxh4 46. gxh4 Kc5 47. Rb2 Rxa6 48. Kf3 Kd5 49. Rh2 c5 50. h5 Rf6+ 51. Ke2 Rh6 52. Kd2 c4 53. Kc2 Ra6 54. Kb2 c3+ 55. Kb3 Rb6+ 56. Ka2 d3 57. h6 c2 58. h7 c1Q 59. Rh5+ Ke6 60. Re5+ Kd6 0-1